| 000 | 00628cam a22001934a 4500 | ||
|---|---|---|---|
| 005 | 20131029110059.0 | ||
| 008 | 990331s2000 mau b 000 0 eng | ||
| 020 | _a0395849705 | ||
| 041 | 0 | _aeng | |
| 245 | 0 | 0 |
_aGlobal politics in a changing world : _c[compiled by] Richard W. Mansbach, Edward Rhodes. |
| 260 |
_aBoston : _bHoughton Mifflin, _cc2000. |
||
| 300 |
_axiii, 471 p. ; _c24 cm. |
||
| 500 | _aPreface : f. XI-XIII | ||
| 504 | _aIncludes bibliographical references. | ||
| 650 | 0 |
_aPolitika botërore _y1989- |
|
| 700 | 1 |
_aMansbach, Richard W., _d1943- |
|
| 700 | 1 |
_aRhodes, Edward, _d1959- |
|
| 942 |
_2udc _cBK |
||
| 999 |
_c211 _d211 |
||